000 01246nam a2200325 i 4500
003 DO-SdBNP
005 20250701102216.0
007 ta
008 250701r1993 dr ab||| |||| 00| 0 spa d
040 _aDO-SdBNP
_bspa
_cBNPHU
_erda
041 _hspa
082 4 _axxx
_bM778
_222
100 1 _aMontero, Jenny
_eautora
_918810
_4aut.
245 1 0 _aEspañol y estudios sociales :
_b6º /
_cJenny Montero, José R. Remigio García Rodríguez, Elisa Núñez de Jáquez
264 4 _aSanto Domingo :
_bSecretaría de Estado de Educación, Bellas Artes y Cultos,
_c1993.
300 _a2 volúmenes :
_bilustraciones, gráficas ;
_c27 cm.
336 _atexto
_btxt
_2rdacontent
337 _asinmediación
_bn
_2rdamedia
338 _avolumen
_bnc
_2rdacarrier
490 1 _aDominicana 2000
500 _aLa biblioteca posee el Libro de texto y el cuaderno de trabajo.
505 _tLibro de texto --
_tCuaderno de trabajo /
590 _aInventariado 2025 / YL
650 4 _aLengua Española
_xLibro de Texto
_928072
650 0 _aCiencias sociales
_xLibro de Texto
_91065
700 1 _aGarcía Rodríguez, José R. Remigio
_91536
_eautor
_4aut.
700 1 _aNúñez de Jáquez, Elisa
_eautor
_4aut.
_988214
910 _aYLlockward
942 _2ddc
_cLBS1
999 _c59407
_d59407